Statistics for Attributes: Norse gods

Click here to take the quiz!

General Stats

  • This quiz has been taken 224 times
  • The average score is 5 of 10

Answer Stats

HintAnswer% Correct
Hammer.Thor
88%
One-eyed. Spear. Ring.Odin
84%
Fair hair and skin. Handsome.Baldr
73%
One-armed.Tyr
69%
Bound on three rocks with guts.Loki
56%
Black robes. Blood-smeared lips.Hel
41%
Horn. Golden teeth.Heimdallr
36%
Harp.Bragi
22%
Riding an eight-legged horse.Hermod
20%
A basin full of venom.Sigyn
20%

Score Distribution

Percentile by Number Answered

Percent of People with Each Score

Your Score History

You have not taken this quiz